| 000 | 01307naa a22003497a 4500 | ||
|---|---|---|---|
| 001 | BR8900626 | ||
| 003 | BR-BrBNA | ||
| 005 | 20240918180419.0 | ||
| 007 | ta | ||
| 008 | 230509b bl.||||| |||| 00| 0 por d | ||
| 040 |
_aBR-BrBNA _bpor _cBiblioteca Nacional de Agricultura |
||
| 041 | _a(Pt) | ||
| 072 |
_aH10 _b0430 _b4020 |
||
| 090 | _aH10 BR8900626 | ||
| 100 | 1 | _aFreire, E.C. | |
| 100 | 1 | _aBeltrao, N.E. de M. | |
| 100 | 1 | _aDiniz, M. de S. | |
| 100 | 1 | _aMedeiros, L.C. de | |
| 100 | 1 | _aAndrade, F.P. de | |
| 111 | 1 |
_aSeminario de Tecnologia Agropecuaria Inovadora para o Nordeste _cFortaleza, CE (Brazil) _d7-11 Apr 1986 |
|
| 245 | 1 | _aSistema de producao para a convivencia do algodoeiro moco com o bicudo Anthonomus grandis Boheman | |
| 260 | 3 |
_aFortaleza, CE (Brasil): _c1986. |
|
| 500 | _aAnais do Seminario de Tecnologia Agropecuaria Inovadora para o Nordeste Fortaleza, CE (Brasil): 1986. p. 157-162 (BR8900626-AM)H10 | ||
| 650 | _aALGODAO MOCO | ||
| 650 | _aBICUDO | ||
| 650 | _aSISTEMA DE PRODUCAO | ||
| 650 | _aADOCAO DE INOVACOES | ||
| 650 | _aREGIAO NORDESTE | ||
| 773 | 0 |
_tAnais do Seminario de Tecnologia Agropecuaria Inovadora para o Nordeste _wH10 BR8900626 _gFortaleza, CE (Brasil), 1986. p. 157-162 |
|
| 909 |
_a202404 _bLucia _c55 _dLucia Elande |
||
| 942 |
_cAM _2AGRIS |
||
| 999 |
_c320263 _d320263 |
||